| 000 | 00601nam a22001817a 4500 | ||
|---|---|---|---|
| 005 | 2012013101341.0 | ||
| 008 | 120131t xxu||||| |||| 00| 0 eng d | ||
| 020 |
_a8120910842 _c140.00 |
||
| 035 | _aA-993275 | ||
| 040 |
_aDPL _bENG |
||
| 100 |
_aVenkatachalam, S. _940440 |
||
| 245 |
_aThe computer revolution / _cby S. Venkatachalam |
||
| 250 | _a1st ed. | ||
| 260 |
_aNew Delhi _bPitambar Publishing Company _c1999 |
||
| 300 |
_a315p. _c22 cms. |
||
| 942 |
_2ddc _cEN _h004 _mVEN |
||
| 999 |
_c61716 _d61716 |
||